000 00920nas a2200313 4500
001 BR2015005314
003 BR-BrBNA
005 20231205125727.0
007 ta
008 230509b bl.|||p| |||| 00| 00por d
040 _aBR-BrBNA
_bpor
_cBiblioteca Nacional de Agricultura
041 _a(Pt)
072 _aL74
100 1 _aPereira Neto, E.
100 1 _aAraujo, A.L. de
100 1 _aCunha, L.A.
100 1 _aBarcello, M.P.
100 1 _aSpadeto Junior, O.
100 1 _aCoelho, C.S.
245 1 _aEritrograma em muares submetidos à prova de resistência de 100 km
650 _aEQUINO
650 _aMUAR
650 _aJUMENTO
650 _aSANGUE
650 _aANÁLISE DE LABORATÓRIO
773 0 _tRevista Brasileira de Medicina Veterinária (Brazil)
_xISSN 0100-2430
_g(Apr-Jun 2014), v. 36(2) p. 226-230
_wBR2015005314
909 _a202311
_bLúcia
_c55
_dLúcia Elande
942 _2AGRIS
_n0
_cANA
999 _c245794
_d245794